Citizens` guide to our constitution and government (Record no. 631)

MARC details
000 -LEADER
fixed length control field 00504cam a2200181ua 4500
008 - FIXED-LENGTH DATA ELEMENTS--GENERAL INFORMATION
fixed length control field 110412n ii |||gr||||Z||||||eng
040 ## - CATALOGING SOURCE
Transcribing agency MAIN
082 ## - DEWEY DECIMAL CLASSIFICATION NUMBER
Classification number 342.54
245 1# - TITLE STATEMENT
Title Citizens` guide to our constitution and government
Statement of responsibility, etc. by R.K. Ramadhani
250 ## - EDITION STATEMENT
Edition statement 1st.
260 ## - PUBLICATION, DISTRIBUTION, ETC.
Place of publication, distribution, etc. Delhi:
Name of publisher, distributor, etc. Atma Ram & sons,963.
300 ## - PHYSICAL DESCRIPTION
Extent 232p:
Dimensions 20cm.
700 ## - ADDED ENTRY--PERSONAL NAME
Personal name Ramadhani, R.K.,
Relator term
942 ## - ADDED ENTRY ELEMENTS (KOHA)
Koha item type Books
653 ## - INDEX TERM--UNCONTROLLED
Uncontrolled term political science
653 ## - INDEX TERM--UNCONTROLLED
Uncontrolled term Citizen` guide to our constitution and government
Holdings
Withdrawn status Lost status Damaged status Not for loan Home library Current library Shelving location Date acquired Total Checkouts Full call number Barcode Date last seen Copy number Price effective from Koha item type
        Naharkatiya College Library Naharkatiya College Library   19/09/2020   342.54 | RAM 58 19/09/2020 1 19/09/2020 Books

Naharkatiya College © 2020. All rights reserved.

Powered By